Online
Catalog

Constitucionalización del proceso civil / (Record no. 52506)

MARC details
000 -CABECERA
campo de control de longitud fija 02089nam a2200301 a 4500
001 - NÚMERO DE CONTROL
campo de control 000005678
003 - IDENTIFICADOR DEL NÚMERO DE CONTROL
campo de control DO-SdBNP
005 - FECHA Y HORA DE LA ÚLTIMA TRANSACCIÓN
campo de control 20260123084624.0
007 - CAMPO FIJO DE DESCRIPCIÓN FÍSICA--INFORMACIÓN GENERAL
campo de control de longitud fija ta
008 - DATOS DE LONGITUD FIJA--INFORMACIÓN GENERAL
campo de control de longitud fija 090821s2021 dr 000 0 spa d
020 ## - NÚMERO INTERNACIONAL ESTÁNDAR DEL LIBRO
Número Internacional Estándar del Libro 9789945425628
040 ## - FUENTE DE LA CATALOGACIÓN
Centro catalogador/agencia de origen DO-SdBNP
Lengua de catalogación spa
Centro/agencia transcriptor BNPHU
082 ## - NÚMERO DE LA CLASIFICACIÓN DECIMAL DEWEY
Número de clasificación 346.046
Número de documento/Ítem C758p, 2021
245 00 - MENCIÓN DE TÍTULO
Título Constitucionalización del proceso civil /
Mención de responsabilidad, etc. Hermógenes Acosta ... [et al.].
250 ## - MENCIÓN DE EDICIÓN
Mención de edición 2da.ed.
260 ## - PUBLICACIÓN, DISTRIBUCIÓN, ETC.
Lugar de publicación, distribución, etc. Santo Domingo :
Nombre del editor, distribuidor, etc. Escuela Nacional de la Judicatura,
Fecha de publicación, distribución, etc. 2021.
300 ## - DESCRIPCIÓN FÍSICA
Extensión 615 p. ;
Dimensiones 24 cm.
505 2# - NOTA DE CONTENIDO CON FORMATO
Nota de contenido con formato Proceso civil y Constitución 8 -- Constitución y proceso civil en el derecho español 54 -- Los principios constitucionales referentes al objeto del proceso, su dirección y desarrollo formal 66 -- Los principios constitucionales rectores del proceso civil I 96 -- El control judicial de adecuación constitucional en la jurisdicción civil. La cuestión de inconstitucionalidad 138 -- El control judicial de adecuación constitucional en la jurisdicción civil y la cuestión de inconstitucionalidad en derecho español 238 -- Los principios constitucionales de contradicción, audiencia y defensa en el proceso civil 258 -- Los principios constitucionales rectores del proceso civil II 282 -- El derecho a la prueba 328 -- Los principios constitucionales relativos a la prueba. La valoración y administración de la prueba. La iniciativa probatoria del juez 362 -- El derecho a recurrir como un derecho constitucional 394 -- El derecho a los recursos como derecho constitucionalmente reconocido 425 -- El Derecho procesal civil internacional 456 -- La aplicación del juez nacional del Derecho comunitario. La cuestión prejudicial 520 -- La conciliación en el proceso civil español 550
590 ## - NOTA LOCAL (RLIN)
Nota local Inventariado, 2018/LP
650 #4 - PUNTO DE ACCESO ADICIONAL DE MATERIA--TÉRMINO DE MATERIA
Término de materia o nombre geográfico como elemento de entrada Proceso civil
9 (RLIN) 16042
Subdivisión geográfica República dominicana
650 #0 - PUNTO DE ACCESO ADICIONAL DE MATERIA--TÉRMINO DE MATERIA
Término de materia o nombre geográfico como elemento de entrada Derecho procesal
9 (RLIN) 555
650 #0 - PUNTO DE ACCESO ADICIONAL DE MATERIA--TÉRMINO DE MATERIA
Término de materia o nombre geográfico como elemento de entrada Derecho constitucional
9 (RLIN) 10314
700 1# - PUNTO DE ACCESO ADICIONAL--NOMBRE DE PERSONA
Nombre de persona Machado Plazas, José
9 (RLIN) 16043
700 1# - PUNTO DE ACCESO ADICIONAL--NOMBRE DE PERSONA
Nombre de persona Ramírez Suzana, Manuel
9 (RLIN) 16044
700 1# - PUNTO DE ACCESO ADICIONAL--NOMBRE DE PERSONA
Nombre de persona Picó, Joan
9 (RLIN) 16045
910 ## - DATOS DE OPCIÓN DEL USUARIO (OCLC)
Datos de opción del usuario DG
942 ## - ELEMENTOS DE PUNTO DE ACCESO ADICIONAL (KOHA)
Fuente del sistema de clasificación o colocación Dewey Decimal Classification
Tipo de ítem Koha Libro
Holdings
Estado de retiro Estado de pérdida Fuente del sistema de clasificación o colocación Restricciones de uso No para préstamo Código de colección Localización permanente Ubicación/localización actual Ubicación en estantería Fecha de adquisición Total de préstamos Signatura topográfica completa Código de barras Fecha visto por última vez Precio válido a partir de Tipo de ítem Koha Número de copia
    Dewey Decimal Classification Excluido de préstamo   Patrimonio Dominicano Biblioteca Nacional Pedro Henríquez Ureña Biblioteca Nacional Pedro Henríquez Ureña En catalogación 03.10.2022   BNPHU PD 346.046 C758p, 2021 2022-4140 03.10.2022 03.10.2022 Libro  
    Dewey Decimal Classification Excluido de préstamo   Patrimonio Dominicano Biblioteca Nacional Pedro Henríquez Ureña Biblioteca Nacional Pedro Henríquez Ureña En catalogación 03.10.2022   BNPHU PD 346.046 C758p, 2021 2022-4141 03.10.2022 03.10.2022 Libro e.2
    Dewey Decimal Classification Préstamo en sala   Dominicana de Servicio Biblioteca Nacional Pedro Henríquez Ureña Biblioteca Nacional Pedro Henríquez Ureña En catalogación 03.10.2022   BNPHU DS 346.046 C758p, 2021 2022-4142 03.10.2022 03.10.2022 Libro e.3

Powered by Koha